Flags of Eastern Europe - Statistics

General Stats
  • This quiz has been taken 257 times
  • The average score is 17 of 21
Answer Stats
Picture Answer % Correct
Ukraine
99%
Albania
95%
Romania
93%
Russia
91%
Estonia
90%
Poland
90%
Croatia
86%
Czech Republic
84%
Latvia
83%
North Macedonia
81%
Slovakia
81%
Moldova
80%
Slovenia
80%
Serbia
79%
Belarus
78%
Kosovo
78%
Lithuania
78%
Hungary
77%
Bosnia and Herzegovina
75%
Bulgaria
68%
Montenegro
67%
No matching quizzes found
Score Distribution
Percent of People with Each Score
Percentile by Number Answered
Your Score History
You have not taken this quiz